000 00275nam a2200109Ia 4500
008 200302s9999 xx 000 0 und d
100 _aL. R. Kadiyali
245 _aTraffic Engineering and Transport Planning
260 _bKhanna Publishers
260 _c2002
300 _a900 P.,
999 _c5495
_d5495